[Event "SRB-chT Men 1st League 2019"]
[Site "Subotica"]
[Date "2019.09.01"]
[Round "11.13"]
[White "Ter-Sahakyan, Samvel"]
[Black "Kadric, Denis"]
[Result "1/2-1/2"]
[WhiteElo "2632"]
[BlackElo "2558"]
[Annotator "TA"]
[PlyCount "53"]
[EventDate "2019.08.23"]
[EventType "team-tourn"]
[EventCountry "SRB"]
[SourceTitle "playchess.com"]
[Source "ChessBase"]
[SourceQuality "1"]

{[%evp 19,53,30,29,29,31,29,37,37,44,19,21,24,43,3,0,0,0,-14,10,4,30,23,28,20,20,13,28,0,5,0,0,0,0,0,0,-14]} 1. e4 d6 2. d4 Nf6 3. Nc3 e5 4. Nf3 Nbd7 5. Bc4 Be7 6. a4 O-O 7. O-O c6 8. Re1 h6 9. h3 Re8 10. Ba2 a5 11. Be3 {C41: Philidor Defence} exd4 12. Nxd4 Bf8 13. Qf3 {White is slightly better.} Nc5 {[%cal Rc5e4]} 14. Bf4 Ne6 15. Bxe6 Bxe6 16. Rad1 {[#]} d5 $146 ({Predecessor:} 16... Bd7 17. b3 Nh7 18. Qg3 Qf6 {½-½ (53) Gashimov,V (2644)-Ftacnik,L (2573) Dresden 2007}) 17. e5 Nd7 18. Qg3 ({But not} 18. Nxe6 Rxe6 19. Qg3 Qb6 $17) 18... Kh7 19. Bc1 f6 20. Nxe6 Rxe6 21. Nxd5 {[#] Nf4 is the strong threat.} Nxe5 ({Don't play} 21... cxd5 $6 22. Qd3+ Kh8 23. Qxd5 $16) 22. Ne3 {[%cal Bd5e3,Be3f5,Bf5d4][%mdl 32]} Qe8 23. f4 Nf7 {The position is equal.} 24. Nf5 Rd8 25. Kh2 Rxd1 26. Rxd1 g6 27. Nd4 {Accuracy: White = 56%, Black = 80%.} 1/2-1/2

[Event "SRB-chT Men 1st League 2019"]
[Site "Subotica"]
[Date "2019.09.01"]
[Round "11.14"]
[White "Brenjo, Slavisa"]
[Black "Ratkovic, Miloje"]
[Result "1/2-1/2"]
[WhiteElo "2440"]
[BlackElo "2431"]
[Annotator "TA"]
[PlyCount "88"]
[EventDate "2019.08.23"]
[EventType "team-tourn"]
[EventCountry "SRB"]
[SourceTitle "playchess.com"]
[Source "ChessBase"]
[SourceQuality "1"]

{[%evp 10,88,0,10,32,0,0,4,20,0,13,-43,49,-20,-7,-14,15,-22,-20,-18,0,-7,0,-23,-26,-57,-57,-57,-58,-58,-63,-72,-63,-68,-73,-78,-73,-75,-65,-61,-23,-50,-10,-58,66,-16,-16,-45,59,52,56,45,68,52,216,214,581,561,546,518,497,8,6,12,8,8,43,0,0,0,0,0,0,0,0,0,0,0,0,0,0]} 1. e4 c6 2. d4 d5 3. e5 Bf5 4. c3 e6 5. Be3 Nd7 6. Nd2 Be7 {B12: Caro-Kann: Advance Variation} (6... c5 7. dxc5 Bxc5 8. Bxc5 Nxc5 9. Nb3 Qb6 10. Qd4 Rc8 11. Nf3 Ne7 12. Nxc5 Rxc5 13. b4 Rc8 14. Qxb6 axb6 {½-½ (33) Sosa,T (2499)-Howell,D (2685) Caleta 2019}) 7. f4 h5 8. Be2 h4 9. Ngf3 Nh6 10. O-O (10. h3 $11) 10... Bg4 (10... h3 $15) 11. Nb3 $146 (11. h3 $14 Nf5 12. Bf2) ({Predecessor:} 11. Bf2 Nf5 12. Rc1 g6 13. h3 Bxf3 14. Nxf3 {½-½ (30) Zagrebelny,S (2466)-Khurtsilava,I (2285) Patras 2001}) 11... Nf5 $11 12. Bf2 g6 (12... g5 {is more complex.} 13. fxg5 Bxg5 14. h3 Bh5 15. Bd3 Ng3) 13. Ne1 Bxe2 14. Qxe2 a5 15. Nd3 Qb6 16. Nbc5 Nxc5 17. dxc5 Qa6 18. b3 O-O-O 19. Bd4 Rdg8 20. Rf3 g5 21. fxg5 Rxg5 22. Raf1 Rhg8 23. R1f2 a4 24. Qd1 axb3 25. axb3 Kd7 26. Nf4 Qa7 {[#]} (26... Qb5 $15) 27. b4 ({White should try} 27. Nxd5 $1 $14 {[%mdl 512]} exd5 (27... cxd5 28. c6+) 28. Rxf5 Rxf5 29. Rxf5) 27... Qa6 28. Nh3 R5g6 (28... Rg4 $15) 29. Rxf5 exf5 30. Qb1 $1 Kc7 31. Nf4 $1 {[%cal Rf4g6]} Rg5 $2 ({Black should play} 31... Rg4 $1 $14) 32. e6 $18 f6 $2 {[#]} (32... Ra8 {is tougher.}) 33. b5 $1 {[%cal Rb5a6][%mdl 576] Deflection} cxb5 (33... Qxb5 34. Nxd5+) 34. Nxd5+ {[%mdl 64] Double Attack} Kd8 35. Nxf6 $2 (35. Ra2 Qxe6 36. Ra8+ Kd7 $16) (35. Nb6 $18) 35... R8g6 $132 {[%mdl 2048] Black has counterplay} 36. Nd5 {Strongly threatening Ra2.} Qxe6 37. Nf4 {[%mdl 64] Double Attack} Qe4 38. Qxe4 (38. Qd1 {feels hotter.} Kc8 39. Nxg6 Rxg6 40. h3 Re6 41. Qb3) 38... fxe4 {The position is equal.} 39. Nxg6 Rxg6 $14 {KRB-KRB} 40. Rb2 h3 41. g3 Ra6 42. Kf2 Bg5 43. Be3 Bf6 44. Bd4 Bg5 {Accuracy: White = 46%, Black = 32%.} 1/2-1/2

[Event "SRB-chT Men 1st League 2019"]
[Site "Subotica"]
[Date "2019.09.01"]
[Round "11.15"]
[White "Ratkovic, Milovan"]
[Black "Vratonjic, Slobo"]
[Result "1-0"]
[WhiteElo "2411"]
[BlackElo "2388"]
[Annotator "TA"]
[PlyCount "81"]
[EventDate "2019.08.23"]
[EventType "team-tourn"]
[EventCountry "SRB"]
[SourceTitle "playchess.com"]
[Source "ChessBase"]
[SourceQuality "1"]

{[%evp 9,81,13,12,21,12,12,12,3,5,8,3,4,17,11,41,5,20,20,12,0,2,-2,3,-11,-4,-43,-33,-35,0,-17,-16,-10,-22,-22,0,-23,117,137,123,0,0,0,0,0,0,0,94,0,138,18,310,325,321,321,287,291,291,282,670,639,1097,1194,29976,29977,29977,29978,29978,29979,29979,29980,29979,4132,29980,29978]} 1. d4 Nf6 2. Bg5 Ne4 3. h4 h6 4. Bf4 d5 5. Nd2 Nxd2 6. Qxd2 {A45: Trompowsky Attack} Bf5 7. e3 e6 8. Bd3 {The position is equal.} (8. f3 Bd6 9. Ne2 Nc6 10. Ng3 Bxf4 11. Nxf5 exf5 12. exf4 Qe7+ {½-½ (26) Sethuraman,S (2656)-Arabidze,M (2360) Benasque 2016}) 8... Bxd3 9. Qxd3 c5 10. Nf3 Qb6 11. O-O $146 ({Predecessor:} 11. O-O-O Nc6 12. Ne5 cxd4 13. exd4 {1-0 (31) Schlesinger,O (2215)-Koehler,R Germany 1989}) 11... Nd7 12. a4 Be7 13. a5 Qc6 14. Ne5 Nxe5 15. Bxe5 O-O 16. h5 b5 17. a6 c4 18. Qe2 f5 19. f4 Bd6 20. Rf3 Bxe5 21. fxe5 Qe8 22. Rg3 f4 (22... Kh7 $11) 23. Rg6 $1 $16 fxe3 24. Qxe3 ({White must play} 24. Qg4 $1 $16 Kh8 25. Rxg7) 24... Qf7 $11 25. Qg3 Kh8 26. Ra3 Qf1+ 27. Kh2 Qf5 (27... Qd1 $11 28. Rf3 Rxf3 29. Qxf3 Qxd4 30. Rxe6 Rb8) 28. Qh3 (28. Qh4 $1 $16 {Black must now prevent Rf3.} Qxc2 29. Qe7 $1 {[%mdl 512]}) 28... Qxh3+ (28... Qxc2 $11 {keeps the balance.} 29. Qxe6 Rf1) 29. Rxh3 {[%mdl 4096] Endgame KRR-KRR} (29. Kxh3 $16 Rfe8 30. b4) 29... Rf2 $2 {[%mdl 8192]} (29... Rfe8 $1 $11) 30. Rhg3 $18 Rg8 ({Reject} 30... Rxc2 31. Rxg7 Rf2 {[#]} 32. R7g6 $1 $18 {[%mdl 512]}) 31. c3 ({Not} 31. Rxe6 Rxc2 32. b4 Ra2 $16) 31... Rxb2 32. Rxe6 b4 33. cxb4 Rd2 $2 (33... Rxb4 34. Re7 Rb6 35. Rxa7 Rc8) 34. b5 Rxd4 35. b6 axb6 {[#]} 36. Rxh6+ $1 {[%mdl 576] Promotion} gxh6 37. Rxg8+ Kxg8 {KR-KP} 38. a7 Kf7 39. a8=Q Ke6 40. Qe8+ Kf5 41. e6 {Accuracy: White = 57%, Black = 42%.} 1-0

[Event "SRB-chT Men 1st League 2019"]
[Site "Subotica"]
[Date "2019.09.01"]
[Round "11.16"]
[White "Radovic, Janko"]
[Black "Popov, Sinisa S"]
[Result "1/2-1/2"]
[WhiteElo "2430"]
[BlackElo "2440"]
[Annotator "TA"]
[PlyCount "58"]
[EventDate "2019.08.23"]
[EventType "team-tourn"]
[EventCountry "SRB"]
[SourceTitle "playchess.com"]
[Source "ChessBase"]
[SourceQuality "1"]

{[%evp 13,58,19,19,2,8,10,18,19,19,16,16,22,28,12,19,19,35,29,54,72,62,52,94,27,28,0,104,19,25,0,150,150,145,-29987,-29988,-29988,-29989,-29989,-29984,-29979,0,0,0,-29977,-219,-187,-109]} 1. e4 e5 2. Nf3 Nc6 3. c3 Nf6 4. d4 Nxe4 5. d5 Ne7 6. Nxe5 Ng6 7. Nxg6 hxg6 8. Bd3 {C44: Ponziani Opening and Scotch Gambit} Nf6 (8... Nc5 9. O-O Be7 10. Re1 O-O 11. Bf1 d6 12. a4 c6 13. b4 Nd7 14. dxc6 bxc6 15. a5 Re8 {0-1 (66) Jones,G (2654)-Howell,D (2676) London 2017}) 9. O-O Bd6 10. Re1+ {The position is equal.} Kf8 11. h3 Nxd5 {[#]} 12. Bxg6 $1 {[%mdl 512]} Qf6 (12... fxg6 13. Qxd5) 13. Be4 Nf4 14. Bf3 Be5 $146 ({Predecessor:} 14... c6 15. Re4 Bc7 16. Bxf4 Bxf4 {½-½ (70) Dorairaj,A (1900)-Pott,B (1814) Chessfriend.com 2005}) 15. Bxf4 Qxf4 16. g3 $36 {[%mdl 2048] White is in control.} Qf6 17. Bg4 d5 18. Bxc8 (18. Qxd5 $16 Bxg4 19. hxg4) 18... Rxc8 $11 19. Qxd5 Bd6 (19... Bxg3 $1 $11 {remains equal.} 20. fxg3 Rxh3) 20. Kg2 (20. Nd2 $1 $16) 20... Rd8 $1 {White should prevent ...Bxg3!} 21. Qxb7 Rxh3 ({Better is} 21... Qf5 $11 22. h4 g5) 22. Nd2 $1 $16 {[%cal Rd2e4]} Bxg3 {( -> ...Rh2+)} 23. Ne4 $2 {[%mdl 8192]} (23. fxg3 Rxd2+ 24. Re2 Rxe2+ 25. Kxh3 Qf5+ 26. g4 Qh7+ 27. Kg3 Qh2+ 28. Kf3 Qf2#) (23. Nf3 $16 Bf4 24. Kxh3 Qf5+ 25. Kg2 Qg4+ 26. Kh1 Qh3+ 27. Kg1 Qg4+ 28. Kf1 Qh3+ 29. Ke2 Qe6+ 30. Ne5 (30. Kf1 Qh3+ 31. Ke2 Qe6+ 32. Ne5 Bxe5 $16) 30... Bxe5 31. Kf1) 23... Rh2+ 24. Kxg3 Qe5+ 25. Kf3 Qh5+ 26. Ke3 Qh6+ $2 (26... Qh3+ $1 27. Ng3 Qh6+ 28. f4 Qe6+ 29. Qe4 Qg4 30. Qb4+ Kg8 31. Rg1 Re8+ 32. Qe4 Rxe4+ 33. Kxe4 Rxb2 34. Rad1 Rf2 35. Rd8+ Kh7 $1 {[%mdl 512]} 36. Kd3 Qf3+ 37. Kc4 Qc6+ 38. Kd3 Rf3+ 39. Ke2 Rxc3 40. Rd3 Rc2+ {[%mdl 64] Double Attack} 41. Rd2 Qc4+ 42. Ke1 Rc1+ 43. Rd1 Rxd1+ 44. Kxd1 Qd4+ {[%mdl 64] Double Attack} 45. Ke2 Qxg1 46. Kf3 Qd1+ 47. Kf2 c5 48. Ne2 Qd2 49. Kf3 c4 50. f5 Qxa2 51. Kf2 c3 52. Ke3 Qd2+ 53. Kf2 f6 54. Kf3 c2 55. Nc1 Qxc1 56. Ke4 Qh1+ 57. Kf4 c1=Q+ 58. Kg3 Qcg1+ 59. Kf4 Qg5#) 27. Ke2 $1 $11 Qh5+ $2 {[%mdl 8192]} (27... Kg8 $11 28. Qxc7 Qh5+ 29. Ke3 Rh3+ 30. Ng3 Qd5) 28. Ke3 Rh3+ $2 (28... Qh3+ $1 {mates} 29. Ng3 Qh6+ 30. f4 Qe6+ 31. Qe4 Qg4 32. Qb4+ Kg8 33. Rg1 Re8+ 34. Qe4 Rxe4+ 35. Kxe4 Rxb2 36. Rad1 Rf2 37. Rd8+ Kh7 $1 {[%mdl 512]} 38. Kd3 Qf3+ 39. Kc4 Qc6+ 40. Kd3 Rf3+ 41. Kd2 Qxc3+ 42. Kd1 Rxg3 43. Rxg3 Qxg3 44. Rd2 Qxf4 45. Rc2 g5 46. Ke1 g4 47. Rf2 Qe4+ 48. Kf1 g3 49. Rf6 Qh1+ 50. Ke2 g2 51. Rxf7+ Kg8 52. Rd7 g1=Q 53. Rd8+ Kf7 54. Rd7+ Ke6 55. Re7+ Kxe7 56. Kd3 Qg3+ 57. Kc4 Qc6+ 58. Kd4 Qgc3#) 29. Ng3 $19 {[#]} Qe5+ {Accuracy: White = 41%, Black = 47%.} (29... Qg5+ $1 $19 30. Kf3 {[#]} Rxg3+ $1 {[%mdl 512]} 31. fxg3 Rd3+ 32. Kg2 Qxg3+ 33. Kf1 (33. Kh1 {leads to mate.} Qh3+ 34. Kg1 Rg3+ 35. Kf2 Qh2+ 36. Kf1 Rg1#) 33... Qf4+ 34. Kg1 Rg3+ 35. Qg2 Rxg2+ 36. Kxg2 Qd2+ 37. Kf1 Qh2) 1/2-1/2

[Event "SRB-chT Men 1st League 2019"]
[Site "Subotica"]
[Date "2019.09.01"]
[Round "11.17"]
[White "Budisavljevic, Luka"]
[Black "Simonovic, Aleksandar"]
[Result "1/2-1/2"]
[WhiteElo "2359"]
[BlackElo "2357"]
[Annotator "NA"]
[PlyCount "146"]
[EventDate "2019.08.23"]
[EventType "team-tourn"]
[EventCountry "SRB"]
[SourceTitle "playchess.com"]
[Source "ChessBase"]
[SourceQuality "1"]
[TimeControl "40/5400+30:1800+30"]

1. d4 {[%emt 0:00:00]} d5 {[%emt 0:00:00]} 2. Bf4 {[%emt 0:00:00]} c6 {[%emt 0:00:02]} 3. e3 {[%emt 0:00:00]} Qb6 {[%emt 0:00:31]} 4. b3 {[%emt 0:00:24]} Bf5 {[%emt 0:01:14]} 5. Bd3 {[%emt 0:00:05]} Bxd3 {[%emt 0:02:43]} 6. Qxd3 {[%emt 0:00:04]} e6 {[%emt 0:04:01]} 7. Nf3 {[%emt 0:00:04]} Nf6 {[%emt 0:06:51]} 8. O-O {[%emt 0:00:25]} Nbd7 {[%emt 0:07:07]} 9. c4 {[%emt 0:02:03]} Qa6 {[%emt 0:00:20]} 10. Qc2 {[%emt 0:07:01]} c5 {[%emt 0:14:09]} 11. Nc3 {[%emt 0:19:59]} dxc4 {[%emt 0:05:23]} 12. bxc4 {[%emt 0:00:28]} Bd6 {[%emt 0:00:57]} 13. Bxd6 $14 {[%emt 0:11:14]} Qxd6 {[%emt 0:00:07]} 14. d5 {[%emt 0:15:35]} exd5 {[%emt 0:16:28]} 15. cxd5 {[%emt 0:02:08]} O-O {[%emt 0:00:48]} 16. e4 {[%emt 0:00:36]} a6 {[%emt 0:06:07]} 17. a4 {[%emt 0:00:54]} b6 {[%emt 0:01:45]} 18. h3 {[%emt 0:02:14]} Nh5 {[%emt 0:00:59]} 19. Qd2 {[%emt 0:02:59]} f5 {[%emt 0:03:13]} 20. Ng5 {[%emt 0:06:39]} Rae8 {[%emt 0:10:10]} 21. exf5 {[%emt 0:02:32]} Rxf5 {[%emt 0:01:32]} 22. Rae1 {[%emt 0:00:47]} Rfe5 {[%emt 0:01:03]} 23. Rxe5 {[%emt 0:02:05]} Qxe5 {[%emt 0:01:03]} 24. Ne6 {[%emt 0:00:53]} Nhf6 {[%emt 0:00:44]} 25. Re1 {[%emt 0:01:01]} Qd6 {[%emt 0:00:51]} 26. Qg5 {[%emt 0:00:50]} Re7 {[%emt 0:00:32]} 27. Re3 {[%emt 0:05:15]} h6 {[%emt 0:02:09]} 28. Qf5 {[%emt 0:00:58]} b5 {[%emt 0:01:54]} 29. Rf3 {[%emt 0:11:10]} b4 {[%emt 0:01:16]} 30. Ne4 {[%emt 0:00:06]} Qxd5 {[%emt 0:00:55]} 31. Nxf6+ {[%emt 0:00:47]} Nxf6 {[%emt 0:00:03]} 32. Qxd5 {[%emt 0:05:27]} Nxd5 {[%emt 0:00:19]} 33. Nxc5 {[%emt 0:00:01]} Re1+ {[%emt 0:08:23]} 34. Kh2 {[%emt 0:00:01]} Nc3 {[%emt 0:00:32]} 35. a5 {[%emt 0:02:05]} Ra1 {[%emt 0:00:18]} 36. Nxa6 {[%emt 0:00:23]} b3 {[%emt 0:00:13]} 37. Rxc3 {[%emt 0:00:08]} b2 {[%emt 0:00:03]} 38. Rb3 {[%emt 0:00:03]} b1=Q {[%emt 0:00:28]} 39. Rxb1 {[%emt 0:00:01]} Rxb1 {[%emt 0:00:02]} 40. Nc7 {[%emt 0:00:00]} Rc1 {[%emt 0:00:00]} 41. Nd5 {[%emt 0:07:06]} Rc5 {[%emt 0:01:51]} 42. Ne3 {[%emt 0:00:52]} Rxa5 {[%emt 0:00:09]} 43. Kg3 {[%emt 0:00:59]} Ra3 {[%emt 0:01:40]} 44. h4 {[%emt 0:06:28]} Kf7 {[%emt 0:01:49]} 45. Kf4 {[%emt 0:02:02]} Ra4+ {[%emt 0:01:10]} 46. Kg3 {[%emt 0:00:06]} Ke6 {[%emt 0:00:52]} 47. f4 {[%emt 0:01:10]} Ra3 {[%emt 0:03:04]} 48. Kf3 {[%emt 0:00:33]} h5 {[%emt 0:00:21]} 49. Ke4 {[%emt 0:00:30]} Ra4+ {[%emt 0:28:19]} 50. Kf3 {[%emt 0:17:49]} Ra3 {[%emt 0:00:00]} 51. Ke4 {[%emt 0:00:00]} g6 {[%emt 0:00:00]} 52. Kf3 {[%emt 0:00:00]} Ra1 {[%emt 0:00:00]} 53. Ke4 {[%emt 0:00:00]} Rh1 {[%emt 0:00:00]} 54. g3 {[%emt 0:00:00]} Ra1 {[%emt 0:00:00]} 55. Kf3 {[%emt 0:00:00]} Ra2 {[%emt 0:00:00]} 56. Ke4 {[%emt 0:00:00]} Rf2 {[%emt 0:00:00]} 57. Nd1 {[%emt 0:00:00]} Rf1 {[%emt 0:00:00]} 58. Ne3 {[%emt 0:00:00]} Rg1 {[%emt 0:00:00]} 59. Kf3 {[%emt 0:00:00]} Rb1 {[%emt 0:00:00]} 60. Ke4 {[%emt 0:00:00]} Rb4+ {[%emt 0:00:00]} 61. Kf3 {[%emt 0:00:00]} Ra4 {[%emt 0:00:00]} 62. Kf2 {[%emt 0:00:00]} Kd6 {[%emt 0:00:00]} 63. Kf3 {[%emt 0:00:00]} Rb4 {[%emt 0:00:00]} 64. f5 {[%emt 0:02:18]} gxf5 {[%emt 0:01:45]} 65. Nxf5+ {[%emt 0:00:01]} Ke5 {[%emt 0:00:09]} 66. Ng7 {[%emt 0:00:14]} Rb3+ {[%emt 0:00:44]} 67. Kg2 {[%emt 0:00:15]} Ke4 {[%emt 0:01:00]} 68. Nxh5 {[%emt 0:00:06]} Rb2+ {[%emt 0:00:25]} 69. Kh3 {[%emt 0:02:56]} Kf3 {[%emt 0:00:09]} 70. Nf6 {[%emt 0:00:44]} Rb6 {[%emt 0:04:40]} 71. Ng4 {[%emt 0:01:01]} Rb5 {[%emt 0:00:14]} 72. Nh2+ {[%emt 0:00:16]} Kf2 {[%emt 0:00:06]} 73. Ng4+ {[%emt 0:01:49]} Kf3 {[%emt 0:00:10]} 1/2-1/2

[Event "SRB-chT Men 1st League 2019"]
[Site "Subotica"]
[Date "2019.09.01"]
[Round "11.18"]
[White "Radovic, Luka"]
[Black "Besedes, Danilo"]
[Result "1/2-1/2"]
[WhiteElo "2328"]
[BlackElo "2249"]
[Annotator "NA"]
[PlyCount "134"]
[EventDate "2019.08.23"]
[EventType "team-tourn"]
[EventCountry "SRB"]
[SourceTitle "playchess.com"]
[Source "ChessBase"]
[SourceQuality "1"]
[TimeControl "40/5400+30:1800+30"]

1. c4 {[%emt 0:00:00]} c6 {[%emt 0:01:36]} 2. Nf3 {[%emt 0:02:09]} d5 {[%emt 0:00:33]} 3. g3 {[%emt 0:00:42]} Nf6 {[%emt 0:02:56]} 4. b3 {[%emt 0:00:26]} Bf5 {[%emt 0:00:13]} 5. Bg2 {[%emt 0:00:27]} e6 {[%emt 0:00:05]} 6. Bb2 {[%emt 0:00:26]} Be7 {[%emt 0:00:06]} 7. O-O {[%emt 0:00:13]} O-O {[%emt 0:00:07]} 8. d3 {[%emt 0:00:08]} h6 {[%emt 0:00:04]} 9. Nbd2 {[%emt 0:00:13]} Bh7 {[%emt 0:00:22]} 10. Qc2 {[%emt 0:02:23]} Nbd7 {[%emt 0:01:38]} 11. a3 {[%emt 0:03:04]} a5 {[%emt 0:00:04]} 12. Bc3 {[%emt 0:01:30]} Qb6 {[%emt 0:13:47]} 13. Qb2 {[%emt 0:04:38]} c5 {[%emt 0:21:03]} 14. d4 {[%emt 0:14:20]} Rfe8 {[%emt 0:10:07]} 15. Ne5 {[%emt 0:09:54]} cxd4 {[%emt 0:04:28]} 16. Bxd4 {[%emt 0:00:22]} Bc5 {[%emt 0:08:08]} 17. Nxd7 {[%emt 0:09:35]} Bxd4 {[%emt 0:00:32]} 18. Nxb6 {[%emt 0:00:13]} Bxb2 {[%emt 0:00:06]} 19. Ra2 {[%emt 0:09:39]} Ra6 {[%emt 0:00:39]} 20. Nxd5 exd5 {[%emt 0:00:39]} 21. Rxb2 {[%emt 0:00:41]} Rxe2 {[%emt 0:01:03]} 22. cxd5 {[%emt 0:05:52]} Be4 {[%emt 0:01:57]} 23. Rd1 {[%emt 0:08:26]} Bxg2 {[%emt 0:03:17]} 24. Kxg2 {[%emt 0:00:09]} Nxd5 {[%emt 0:00:39]} 25. Nc4 {[%emt 0:01:41]} Ne3+ {[%emt 0:05:35]} 26. Kf3 {[%emt 0:01:45]} Rxb2 {[%emt 0:00:28]} 27. Rd8+ {[%emt 0:00:17]} Kh7 {[%emt 0:00:05]} 28. Nxb2 {[%emt 0:00:11]} Nc2 {[%emt 0:00:07]} 29. a4 {[%emt 0:07:20]} Rb6 {[%emt 0:00:06]} 30. Rd7 {[%emt 0:03:00]} Rxb3+ {[%emt 0:01:29]} 31. Nd3 {[%emt 0:00:03]} Nb4 {[%emt 0:04:41]} 32. Ke2 {[%emt 0:00:46]} Nxd3 {[%emt 0:01:33]} 33. Rxd3 {[%emt 0:00:02]} Rb4 {[%emt 0:00:08]} 34. Rd7 {[%emt 0:00:25]} Kg6 {[%emt 0:00:12]} 35. h4 {[%emt 0:00:47]} Kf6 {[%emt 0:01:37]} 36. Kf3 {[%emt 0:00:47]} Ke6 {[%emt 0:00:37]} 37. Rc7 {[%emt 0:00:04]} g6 {[%emt 0:00:38]} 38. Ke3 {[%emt 0:01:15]} h5 {[%emt 0:01:36]} 39. Kf3 {[%emt 0:00:22]} b6 {[%emt 0:03:38]} 40. Rb7 {[%emt 0:00:00]} f6 {[%emt 0:00:00]} 41. Kg2 {[%emt 0:01:23]} Kd5 {[%emt 0:06:33]} 42. Kf3 {[%emt 0:09:55]} Kc6 {[%emt 0:09:02]} 43. Rf7 {[%emt 0:01:31]} Rxa4 {[%emt 0:00:28]} 44. Rxf6+ {[%emt 0:00:09]} Kb5 {[%emt 0:00:14]} 45. Rxg6 {[%emt 0:00:13]} Rc4 {[%emt 0:00:16]} 46. Rg5+ {[%emt 0:02:12]} Ka4 {[%emt 0:06:45]} 47. Rxh5 {[%emt 0:11:02]} b5 {[%emt 0:00:08]} 48. Rh8 {[%emt 0:02:04]} b4 {[%emt 0:00:07]} 49. Rb8 {[%emt 0:00:35]} b3 {[%emt 0:11:40]} 50. h5 {[%emt 0:00:05]} Rb4 {[%emt 0:00:32]} 51. Rxb4+ {[%emt 0:00:10]} axb4 {[%emt 0:00:05]} 52. h6 {[%emt 0:00:06]} b2 {[%emt 0:00:03]} 53. h7 {[%emt 0:00:05]} b1=Q {[%emt 0:00:05]} 54. h8=Q {[%emt 0:00:08]} Qd3+ {[%emt 0:00:07]} 55. Kg2 {[%emt 0:02:02]} b3 {[%emt 0:00:12]} 56. g4 {[%emt 0:02:46]} Qd2 {[%emt 0:02:28]} 57. Qa8+ {[%emt 0:01:39]} Kb4 {[%emt 0:00:15]} 58. Qf8+ {[%emt 0:00:27]} Kc4 {[%emt 0:00:13]} 59. Qc8+ {[%emt 0:05:02]} Kd3 {[%emt 0:00:11]} 60. Qf5+ {[%emt 0:00:17]} Kc3 {[%emt 0:00:15]} 61. Qc5+ {[%emt 0:00:21]} Kd3 {[%emt 0:00:57]} 62. g5 {[%emt 0:02:25]} Qf4 {[%emt 0:02:03]} 63. Qd5+ {[%emt 0:00:48]} Kc2 {[%emt 0:00:40]} 64. Qc6+ {[%emt 0:00:39]} Kd2 {[%emt 0:01:28]} 65. Qd5+ {[%emt 0:00:26]} Kc2 {[%emt 0:01:51]} 66. Qc6+ {[%emt 0:00:08]} Kd2 {[%emt 0:01:22]} 67. Qd5+ {[%emt 0:00:37]} Kc2 {[%emt 0:00:51]} 1/2-1/2